| 000 | 00474nam a2200157Ia 4500 | ||
|---|---|---|---|
| 008 | 210210b2000 xxu||||| |||| 00| 0 eng d | ||
| 020 | _a81 7036 909 6 | ||
| 082 | _a253 OOMC | ||
| 100 | _aOOMMEN (T K) & MABRY (Hunter P). | ||
| 245 | _aChristian clergy in India: social structure and social roles. V1. | ||
| 260 |
_aN D _bSage Publications _c2000 |
||
| 300 | _a376 | ||
| 650 | _aClergy Christian India Social Role strructure | ||
| 690 | _aChristianity | ||
| 906 | _a055901 | ||
| 999 |
_c103553 _d103553 |
||